[Event "Sommerschach 2022 Vereinsspieler"]
[Site "Dortmund"]
[Date "2022.07.12"]
[Round "6.26"]
[White "Zhang, Jingfu"]
[Black "Arnoldi, Ekkehard"]
[Result "1-0"]
[WhiteElo "1640"]
[BlackElo "1576"]
[PlyCount "131"]
[EventDate "2022.07.??"]
[EventType "tourn"]
[EventRounds "7"]
[WhiteTeam "SC Hansa Dortmund"]
[BlackTeam "SVG Plettenberg"]

1. d4 Nf6 2. c4 g6 3. Nc3 Bg7 4. e4 d6 5. Be2 O-O 6. Bg5 h6 7. Bh4 g5 8. Bg3 c6
9. Nf3 Qa5 10. O-O Nh5 11. Qc2 Nxg3 12. hxg3 g4 13. Nh2 h5 14. Rad1 a6 15. f3
Qb6 16. Qd2 f5 17. exf5 Bxf5 18. fxg4 hxg4 19. Bxg4 Bxg4 20. Rxf8+ Kxf8 21.
Nxg4 Nd7 22. Ne4 e5 23. Qf2+ Kg8 24. dxe5 Qxf2+ 25. Kxf2 Rf8+ 26. Ke2 Nxe5 27.
Nxe5 Bxe5 28. b3 Rd8 29. g4 Kg7 30. Rf1 Rh8 31. Rd1 Rh6 32. Kf3 Re6 33. g5 Kg6
34. Rh1 Bg7 35. g4 b6 36. a4 d5 37. cxd5 cxd5 38. Ng3 d4 39. Ne4 a5 40. Rc1 Be5
41. Rc8 Bd6 42. Rc6 d3 43. Rxd6 Rxd6 44. Nxd6 d2 45. Ke2 d1=Q+ 46. Kxd1 Kxg5
47. Nc4 Kxg4 48. Nxb6 Kf5 49. Nc4 Ke4 50. Nxa5 Kd3 51. Nc6 Ke4 52. Kc2 Kd5 53.
Ne7+ Kc5 54. Kc3 Kd6 55. Nf5+ Kc5 56. b4+ Kb6 57. Kc4 Ka6 58. Kc5 Kb7 59. b5
Ka7 60. a5 Kb7 61. a6+ Kc7 62. b6+ Kb8 63. Kc6 Ka8 64. Nd4 Kb8 65. Nb5 Ka8 66.
b7+ 1-0

[Event "Sommerschach 2022 Vereinsspieler"]
[Site "Dortmund"]
[Date "2022.07.12"]
[Round "6.27"]
[White "Sutharjan, Dakxwin"]
[Black "Lebioda-Dette, Kordula"]
[Result "1/2-1/2"]
[WhiteElo "1309"]
[BlackElo "1693"]
[PlyCount "50"]
[EventDate "2022.07.??"]
[EventType "tourn"]
[EventRounds "7"]
[WhiteTeam "SF Brackel"]
[BlackTeam "SF Essen-Werden"]

1. e4 e5 2. d4 exd4 3. c3 d6 4. Bc4 g6 5. Nf3 Bg7 6. cxd4 Nc6 7. Qb3 Qe7 8. Qd3
a6 9. O-O Nh6 10. Nc3 O-O 11. Bg5 Qd7 12. h3 Kh8 13. d5 Ne5 14. Nxe5 dxe5 15.
f4 f6 16. Bxh6 Bxh6 17. fxe5 fxe5 18. Rxf8+ Bxf8 19. Rf1 Bd6 20. Qf3 Qe7 21.
Qf7 Qxf7 22. Rxf7 Kg8 23. Rf3 Bd7 24. Kf2 Rf8 25. Rxf8+ Kxf8 1/2-1/2

[Event "Sommerschach 2022 Vereinsspieler"]
[Site "Dortmund"]
[Date "2022.07.12"]
[Round "6.28"]
[White "Schwedhelm, Dennis"]
[Black "Nathe, Nico"]
[Result "1-0"]
[WhiteElo "1227"]
[BlackElo "1563"]
[PlyCount "37"]
[EventDate "2022.07.??"]
[EventType "tourn"]
[EventRounds "7"]
[WhiteTeam "SV Erkenschwick"]
[BlackTeam "SV Rochade Eving"]

1. d4 d5 2. c4 c6 3. Nc3 g6 4. Nf3 Nf6 5. e3 Bg7 6. Bd3 Nbd7 7. Qc2 b6 8. O-O
O-O 9. b4 Re8 10. Ne5 Nxe5 11. dxe5 dxc4 12. Bxc4 Nd5 13. f4 Nxb4 14. Qb3 Nd5
15. Nxd5 cxd5 16. Bxd5 Be6 17. Bxe6 fxe6 18. Qxe6+ Kh8 19. Bb2 1-0

[Event "Sommerschach 2022 Vereinsspieler"]
[Site "Dortmund"]
[Date "2022.07.12"]
[Round "6.30"]
[White "Krolik, Wilfried"]
[Black "Cassel, Silas"]
[Result "1-0"]
[WhiteElo "1540"]
[BlackElo "1172"]
[PlyCount "29"]
[EventDate "2022.07.??"]
[EventType "tourn"]
[EventRounds "7"]
[WhiteTeam "SV Waltrop"]
[BlackTeam "SF Brackel"]

1. e4 e5 2. Nf3 Nf6 3. Nxe5 d6 4. Nf3 Nxe4 5. d4 d5 6. Bd3 Bf5 7. O-O Be7 8.
Re1 Qd7 9. Nc3 Nf6 10. Ne5 Qc8 11. Bg5 Bxd3 12. Qxd3 Nbd7 13. Qf3 O-O 14. Ng4
Nxg4 15. Bxe7 1-0

[Event "Sommerschach 2022 Vereinsspieler"]
[Site "Dortmund"]
[Date "2022.07.12"]
[Round "6.31"]
[White "Schacht, Jürgen"]
[Black "Nguyen, Dang Khoa"]
[Result "1/2-1/2"]
[WhiteElo "1548"]
[BlackElo "1222"]
[PlyCount "38"]
[EventDate "2022.07.??"]
[EventType "tourn"]
[EventRounds "7"]
[WhiteTeam "SV Rochade Eving"]
[BlackTeam "SF Brackel"]

1. d4 d5 2. c4 e6 3. a3 c5 4. dxc5 Bxc5 5. Nf3 Nc6 6. e3 Nf6 7. Nc3 O-O 8. b4
Bd6 9. Bb2 Re8 10. Be2 dxc4 11. Nb5 Be7 12. Qxd8 Rxd8 13. Bxc4 b6 14. O-O Bb7
15. Rfd1 a6 16. Nc7 Ra7 17. b5 Na5 18. Nd2 Nxc4 19. Nxc4 Bxg2 1/2-1/2

[Event "Sommerschach 2022 Vereinsspieler"]
[Site "Dortmund"]
[Date "2022.07.12"]
[Round "6.32"]
[White "Buchhop, Rainer"]
[Black "Volmer, Martin"]
[Result "1-0"]
[WhiteElo "1493"]
[BlackElo "1560"]
[PlyCount "69"]
[EventDate "2022.07.??"]
[EventType "tourn"]
[EventRounds "7"]
[WhiteTeam "SV Unser Fritz"]
[BlackTeam "SG Mengede"]

1. Nf3 c5 2. g3 e6 3. c4 Nf6 4. Bg2 Nc6 5. Nc3 Be7 6. O-O O-O 7. b3 d5 8. e3 a6
9. d4 cxd4 10. exd4 Rb8 11. h3 h6 12. Bb2 Re8 13. a3 dxc4 14. bxc4 Qc7 15. Qe2
Na5 16. Ne5 Bd6 17. Ne4 Nxe4 18. Bxe4 Bxe5 19. dxe5 Qxc4 20. Bd3 Qc7 21. Qe4 g6
22. Rac1 Qe7 23. Rc3 Nc6 24. Bc1 Kg7 25. h4 Rh8 26. Rd1 Bd7 27. Bb1 Rbc8 28.
Be3 Na5 29. Rxc8 Rxc8 30. Qf4 Rh8 31. Qf6+ Qxf6 32. exf6+ Kxf6 33. Rxd7 Rc8 34.
Kg2 e5 35. Ba2 1-0

[Event "Sommerschach 2022 Vereinsspieler"]
[Site "Dortmund"]
[Date "2022.07.12"]
[Round "6.33"]
[White "Kendziorra, Sascha"]
[Black "Möhrke, Marian Erik"]
[Result "1/2-1/2"]
[WhiteElo "1379"]
[BlackElo "1292"]
[PlyCount "83"]
[EventDate "2022.07.??"]
[EventType "tourn"]
[EventRounds "7"]
[BlackTeam "Sport Union Annen"]

1. e4 e5 2. Nf3 Nc6 3. d4 exd4 4. Bc4 Bb4+ 5. c3 dxc3 6. O-O Nf6 7. a3 Be7 8.
Nxc3 O-O 9. e5 Ng4 10. Bf4 d6 11. Re1 dxe5 12. Nxe5 Ngxe5 13. Bxe5 Nxe5 14.
Rxe5 Bd6 15. Rh5 g6 16. Rd5 Be6 17. Rd4 Qf6 18. Ne4 Qe5 19. Nxd6 cxd6 20. Bxe6
fxe6 21. Rxd6 Qxb2 22. Rxe6 Qxf2+ 23. Kh1 Rad8 24. Qg1 Rd2 25. Ree1 Qxg1+ 26.
Kxg1 Rb2 27. Rab1 Rxb1 28. Rxb1 Rf7 29. Rb3 b6 30. g3 Kf8 31. Re3 Re7 32. Rf3+
Rf7 33. Re3 Rf6 34. Rc3 Rf7 35. Rc8+ Kg7 36. Ra8 b5 37. Rb8 a6 38. Rb6 Rf6 39.
Rb7+ Kh6 40. Kg2 g5 41. g4 Kg6 42. h3 1/2-1/2

[Event "Sommerschach 2022 Vereinsspieler"]
[Site "Dortmund"]
[Date "2022.07.12"]
[Round "6.34"]
[White "Grimme, Rudolf"]
[Black "Stork, Bernhard"]
[Result "0-1"]
[WhiteElo "1382"]
[BlackElo "1451"]
[PlyCount "46"]
[EventDate "2022.07.??"]
[EventType "tourn"]
[EventRounds "7"]
[WhiteTeam "SVG Marten-Bövinghausen"]
[BlackTeam "Dortmunder SV"]

1. e4 g6 2. Nf3 Bg7 3. d4 d6 4. Be2 Nd7 5. O-O Ngf6 6. Nc3 O-O 7. Bd2 Re8 8.
Qc1 c6 9. Bh6 Bh8 10. h3 b5 11. b4 Bb7 12. a4 a6 13. Bd3 Rc8 14. axb5 cxb5 15.
Bd2 Rc7 16. Qe1 Nb6 17. Rc1 Nc4 18. Qe2 Nxd2 19. Qxd2 Qc8 20. Ne2 Nxe4 21. Qf4
Nf6 22. g4 Nd5 23. Qg3 Nxb4 0-1

[Event "Sommerschach 2022 Vereinsspieler"]
[Site "Dortmund"]
[Date "2022.07.12"]
[Round "6.35"]
[White "Mokros, Jürgen"]
[Black "Bensch, Christian"]
[Result "1/2-1/2"]
[WhiteElo "1611"]
[BlackElo "1323"]
[PlyCount "84"]
[EventDate "2022.07.??"]
[EventType "tourn"]
[EventRounds "7"]
[WhiteTeam "FS Dortmund"]
[BlackTeam "SC Wambel"]

1. Nf3 Nf6 2. d4 e6 3. b3 d5 4. Bb2 c5 5. e3 Nc6 6. Nbd2 b6 7. Bd3 Be7 8. O-O
O-O 9. Ne5 Bb7 10. c4 Rc8 11. a3 Qc7 12. f4 Rfd8 13. g4 dxc4 14. Ndxc4 cxd4 15.
exd4 Kf8 16. g5 b5 17. gxf6 bxc4 18. fxe7+ Kxe7 19. Be2 Nxe5 20. fxe5 c3 21.
Rc1 c2 22. Qe1 Kf8 23. Qf2 Be4 24. Bc4 Qe7 25. Bc3 Qd7 26. Bb4+ Kg8 27. Bd6 Bf5
28. d5 exd5 29. Bxd5 Bg6 30. Qf4 a5 31. Qf3 Qa7+ 32. Qf2 Qxf2+ 33. Rxf2 Rc3 34.
a4 Rd3 35. Bf3 f6 36. Rcxc2 Rxf3 37. Rxf3 Bxc2 38. Rc3 fxe5 39. Bxe5 Rd2 40.
Bc7 Bd1 41. Bxa5 Rb2 42. b4 Bxa4 1/2-1/2

[Event "Sommerschach 2022 Vereinsspieler"]
[Site "Dortmund"]
[Date "2022.07.12"]
[Round "6.36"]
[White "Schoppe, Hans-Werner"]
[Black "Scholtyßek, Norbert"]
[Result "0-1"]
[WhiteElo "1221"]
[BlackElo "1542"]
[PlyCount "102"]
[EventDate "2022.07.??"]
[EventType "tourn"]
[EventRounds "7"]
[WhiteTeam "SVG Marten-Bövinghausen"]
[BlackTeam "SF Lünen"]

1. c4 Nf6 2. d4 e5 3. d5 Bc5 4. a3 Ng4 5. e3 Nf6 6. b4 Be7 7. Bb2 d6 8. Nc3 Bf5
9. Nge2 h6 10. Ng3 Bg6 11. Be2 Nbd7 12. O-O O-O 13. f4 exf4 14. exf4 Re8 15. f5
Bh7 16. Nce4 Nxe4 17. Nxe4 Bf6 18. Nxf6+ Nxf6 19. Bd3 Nd7 20. Qg4 Ne5 21. Bxe5
Rxe5 22. Rae1 Qf6 23. Rxe5 Qxe5 24. Qe4 Re8 25. Qxe5 Rxe5 26. g4 Re3 27. Rd1
Kf8 28. Kf2 Rh3 29. Kg2 Re3 30. h4 f6 31. Kf2 Re5 32. Re1 Ke7 33. Rxe5+ dxe5
34. c5 Bg8 35. Be4 b6 36. cxb6 cxb6 37. g5 Kd6 38. gxh6 gxh6 39. Kg3 Bxd5 40.
Bxd5 Kxd5 41. Kg4 Kd4 42. Kh5 e4 43. Kxh6 e3 44. Kg6 Ke5 45. h5 e2 46. h6 e1=Q
47. h7 Qh1 48. Kg7 Kxf5 49. h8=Q Qxh8+ 50. Kxh8 Ke6 51. Kg7 f5 0-1

[Event "Sommerschach 2022 Vereinsspieler"]
[Site "Dortmund"]
[Date "2022.07.12"]
[Round "6.38"]
[White "Strotmann, Dieter"]
[Black "Hagelskamp, Fabio"]
[Result "1-0"]
[WhiteElo "1168"]
[BlackElo "1084"]
[PlyCount "131"]
[EventDate "2022.07.??"]
[EventType "tourn"]
[EventRounds "7"]
[WhiteTeam "SVG Marten-Bövinghausen"]
[BlackTeam "SV Waltrop"]

1. d4 d5 2. Nf3 Bf5 3. e3 Nf6 4. Bd3 Bg4 5. Nbd2 e6 6. h3 Bh5 7. b3 c5 8. Bb2
Nc6 9. c3 cxd4 10. cxd4 Bb4 11. Be2 O-O 12. O-O a6 13. a3 Bd6 14. Rc1 Rc8 15.
b4 b5 16. Nb3 Ne4 17. Nc5 Bxc5 18. dxc5 Qd7 19. Ne5 Nxe5 20. Bxe5 Bxe2 21. Qxe2
f6 22. Bb2 Rc6 23. Rfd1 f5 24. f3 Nf6 25. f4 Ne4 26. Qf3 Qf7 27. Kh2 g6 28. Rg1
h5 29. g4 hxg4 30. hxg4 Rfc8 31. Kg2 Kf8 32. Rh1 Ke7 33. g5 Nd2 34. Qf2 Nc4 35.
Rh6 Nxb2 36. Qxb2 Rg8 37. Rch1 Rg7 38. Qe5 Kd7 39. Qf6 Qxf6 40. gxf6 Rf7 41.
Rh7 Rxh7 42. Rxh7+ Ke8 43. Rg7 Kf8 44. Rxg6 Rc7 45. Rh6 Kg8 46. Kh3 Rd7 47. Kh4
d4 48. exd4 Rxd4 49. Kg3 Rd3+ 50. Kf2 Rxa3 51. Ke2 Rc3 52. Rg6+ Kf7 53. Rg7+
Kxf6 54. Rc7 Rc4 55. Ke3 Rxb4 56. c6 Rc4 57. Rc8 a5 58. Kd3 a4 59. c7 a3 60.
Rf8+ Ke7 61. c8=Q Rxc8 62. Rxc8 Kd6 63. Kd4 b4 64. Kc4 b3 65. Kxb3 Kd5 66. Kxa3
1-0

[Event "Sommerschach 2022 Hobbyspieler"]
[Site "Dortmund"]
[Date "2022.07.12"]
[Round "6.1"]
[White "Rogner, Alex"]
[Black "Püttmann, Luca"]
[Result "1/2-1/2"]
[WhiteElo "1040"]
[BlackElo "1263"]
[PlyCount "78"]
[EventDate "2022.07.??"]
[EventType "tourn"]
[EventRounds "7"]
[WhiteTeam "SF Brackel"]
[BlackTeam "SV Kamen"]

1. e4 c5 2. Nf3 d6 3. Bb5+ Nd7 4. d4 cxd4 5. Qxd4 a6 6. Bxd7+ Qxd7 7. Nc3 e6 8.
O-O Nf6 9. Bg5 Be7 10. Rad1 O-O 11. e5 Nd5 12. Bxe7 Qxe7 13. Nxd5 exd5 14. Qxd5
dxe5 15. Qxe5 Qxe5 16. Nxe5 Bf5 17. c3 Rac8 18. Rfe1 Be6 19. a3 Rfd8 20. Rxd8+
Rxd8 21. Nf3 Kf8 22. Nd4 Bd5 23. h3 b5 24. Re5 g6 25. g4 Bc4 26. Kh2 Rd5 27.
Rxd5 Bxd5 28. Kg3 Ke7 29. Kf4 f6 30. h4 Kd6 31. b4 Bb7 32. Nb3 Kd5 33. Na5 Bc8
34. f3 Bd7 35. Ke3 f5 36. gxf5 Bxf5 37. f4 Bc8 38. Kd3 Bf5+ 39. Ke3 Bc8 1/2-1/2

[Event "Sommerschach 2022 Hobbyspieler"]
[Site "Dortmund"]
[Date "2022.07.12"]
[Round "6.2"]
[White "Dziuk, Dariusz"]
[Black "Dabrowski, Mike"]
[Result "0-1"]
[WhiteElo "1082"]
[BlackElo "1200"]
[PlyCount "98"]
[EventDate "2022.07.??"]
[EventType "tourn"]
[EventRounds "7"]
[WhiteTeam "SV Unna"]

1. Nf3 c5 2. e4 d6 3. Nc3 Nc6 4. d4 cxd4 5. Nxd4 Nf6 6. Bb5 Bd7 7. Be3 g6 8.
Qd2 Bg7 9. f3 O-O 10. g4 h5 11. gxh5 Nxh5 12. O-O-O a6 13. Nxc6 bxc6 14. Be2
Qa5 15. Bd4 Rab8 16. Bc4 Qb4 17. b3 c5 18. Bxg7 Kxg7 19. Nb1 a5 20. Qxb4 axb4
21. a3 Be6 22. Bxe6 fxe6 23. Rd3 Nf4 24. Re3 Ng2 25. Re2 Nh4 26. Rf2 Rxf3 27.
Rhf1 Rxf2 28. Rxf2 bxa3 29. Nxa3 d5 30. e5 Nf5 31. Kb2 Rb4 32. c4 Nd4 33. cxd5
Rxb3+ 34. Ka2 exd5 35. Rf4 Rf3 36. Rg4 Rf5 37. h4 Rxe5 38. Kb2 Re2+ 39. Kc3
Re3+ 40. Kb2 Rh3 41. Nb1 Nf3 42. Nc3 e6 43. Kc2 Rxh4 44. Rg3 Nd4+ 45. Kd2 c4
46. Ne2 Rh2 47. Re3 Rxe2+ 48. Rxe2 Nxe2 49. Kxe2 d4 0-1

[Event "Sommerschach 2022 Hobbyspieler"]
[Site "Dortmund"]
[Date "2022.07.12"]
[Round "6.3"]
[White "Libert, Nick"]
[Black "Schulz, Wolfgang"]
[Result "1-0"]
[WhiteElo "1027"]
[BlackElo "938"]
[PlyCount "87"]
[EventDate "2022.07.??"]
[EventType "tourn"]
[EventRounds "7"]
[WhiteTeam "SF Brackel"]
[BlackTeam "SC Gerthe - Werne"]

1. e4 e6 2. d4 d5 3. exd5 exd5 4. Nc3 Nf6 5. Bf4 Bd6 6. Bg5 O-O 7. Nxd5 Qe8+ 8.
Be2 Nxd5 9. Nf3 Bb4+ 10. c3 Bxc3+ 11. bxc3 Nxc3 12. Qd2 Ne4 13. Qe3 Qc6 14. O-O
Re8 15. Rfe1 Bf5 16. Qb3 Be6 17. Qb5 a6 18. Qxc6 Nxc6 19. Bf4 Nb4 20. Rab1 Nxa2
21. Rxb7 Nac3 22. Bd3 Nf6 23. Bxc7 Nfd5 24. Be5 Bc8 25. Rb3 Na2 26. Ng5 Ndb4
27. Bxh7+ Kh8 28. Bxg7+ Kxg7 29. Rxe8 Kh6 30. Rg8 Nc1 31. Rxb4 Nd3 32. Rb6+ Kh5
33. Nxf7 Be6 34. Rxe6 Rxg8 35. Bxg8 Nf4 36. Rh6+ Kg4 37. h3+ Kf5 38. g4+ Ke4
39. g5 Kf3 40. Bh7 Ne2+ 41. Kf1 Nxd4 42. Rf6+ Nf5 43. Bxf5 Kf4 44. Bh7# 1-0

[Event "Sommerschach 2022 Hobbyspieler"]
[Site "Dortmund"]
[Date "2022.07.12"]
[Round "6.4"]
[White "Buntscheck, Stefan"]
[Black "Westermann, Thomas"]
[Result "0-1"]
[WhiteElo "1200"]
[BlackElo "1200"]
[PlyCount "64"]
[EventDate "2022.07.??"]
[EventType "tourn"]
[EventRounds "7"]

1. d4 d5 2. c4 e6 3. e3 Nf6 4. Nc3 c5 5. Bd3 Nc6 6. Nf3 b6 7. O-O Be7 8. Ne5
Nxe5 9. dxe5 Nd7 10. e4 d4 11. Ne2 Nxe5 12. Qc2 O-O 13. Bf4 Bd6 14. Rad1 Qc7
15. Qd2 Nxd3 16. Bxd6 Qxd6 17. Qxd3 e5 18. a3 a5 19. a4 f5 20. Ng3 Qg6 21. Rfe1
f4 22. Nf1 f3 23. g3 Bg4 24. Nd2 Qh5 25. Qb3 Qh3 26. Nxf3 Bxf3 27. Qxf3 Rxf3
28. Rb1 Raf8 29. Rf1 R8f6 30. Rbd1 Rh6 31. Rfe1 Qxh2+ 32. Kf1 Qxf2# 0-1

[Event "Sommerschach 2022 Hobbyspieler"]
[Site "Dortmund"]
[Date "2022.07.12"]
[Round "6.5"]
[White "Bässler, Michael"]
[Black "Knöner, Horst"]
[Result "1-0"]
[WhiteElo "996"]
[BlackElo "959"]
[PlyCount "37"]
[EventDate "2022.07.??"]
[EventType "tourn"]
[EventRounds "7"]
[WhiteTeam "SC Hansa Dortmund"]

1. d4 Nf6 2. Bf4 d5 3. e3 Nc6 4. Nf3 Bg4 5. Nbd2 h6 6. c4 e6 7. a3 Nh5 8. Bg3
Nxg3 9. hxg3 Be7 10. Be2 O-O 11. b4 a6 12. Nh2 Bxe2 13. Qxe2 Bf6 14. Ng4 e5 15.
cxd5 exd4 16. Ne4 d3 17. Nexf6+ gxf6 18. Nxh6+ Kg7 19. Qg4+ 1-0

[Event "Sommerschach 2022 Hobbyspieler"]
[Site "Dortmund"]
[Date "2022.07.12"]
[Round "6.6"]
[White "Bonn, Marcel"]
[Black "Handoulla, Bilal"]
[Result "1-0"]
[WhiteElo "832"]
[BlackElo "1200"]
[PlyCount "69"]
[EventDate "2022.07.??"]
[EventType "tourn"]
[EventRounds "7"]
[WhiteTeam "SC Hansa Dortmund"]

1. e4 e5 2. Nf3 Nc6 3. Bc4 Nf6 4. d3 Bc5 5. O-O d5 6. exd5 Nxd5 7. Re1 f6 8. c3
Qd6 9. d4 Bg4 10. dxc5 Qxc5 11. Bxd5 O-O-O 12. c4 Rhe8 13. Nbd2 Nb4 14. Ne4 Qa5
15. Bd2 c6 16. Bxb4 Qxb4 17. Qb3 Qe7 18. Rac1 Be6 19. Bxe6+ Qxe6 20. Nc5 Qe7
21. Qe3 e4 22. Nd2 f5 23. b4 Qh4 24. g3 Qg4 25. b5 f4 26. Qxf4 Qxf4 27. gxf4
Rxd2 28. Nxe4 Rd4 29. f3 a6 30. a4 Rd3 31. f5 Rxf3 32. Nd6+ Kd7 33. Nxe8 Rxf5
34. Rcd1+ Kc8 35. Nd6+ 1-0

[Event "Sommerschach 2022 Hobbyspieler"]
[Site "Dortmund"]
[Date "2022.07.12"]
[Round "6.8"]
[White "Schmidt, Andreas Norbert"]
[Black "Allen, Sabrina"]
[Result "1-0"]
[WhiteElo "1124"]
[BlackElo "773"]
[PlyCount "37"]
[EventDate "2022.07.??"]
[EventType "tourn"]
[EventRounds "7"]
[WhiteTeam "SF Brackel"]
[BlackTeam "SV Erkenschwick"]

1. e4 d5 2. exd5 Qxd5 3. Nc3 Qd8 4. d4 Nf6 5. Nf3 e6 6. a3 g6 7. Bc4 a6 8. Bb3
b5 9. O-O Bg7 10. Bg5 Bb7 11. Re1 O-O 12. d5 Re8 13. dxe6 Qxd1 14. Raxd1 Nc6
15. exf7+ Kf8 16. fxe8=Q+ Nxe8 17. Ne4 Ne5 18. Nxe5 Bxe5 19. Nc5 1-0

[Event "Sommerschach 2022 Hobbyspieler"]
[Site "Dortmund"]
[Date "2022.07.12"]
[Round "6.9"]
[White "Kasnatschenko, Ilayda"]
[Black "Frölich, Andreas"]
[Result "0-1"]
[WhiteElo "1200"]
[BlackElo "1123"]
[PlyCount "58"]
[EventDate "2022.07.??"]
[EventType "tourn"]
[EventRounds "7"]
[WhiteTeam "SV Waltrop"]
[BlackTeam "SV Rochade Eving"]

1. e4 e5 2. Nf3 Nc6 3. Nc3 a6 4. Bc4 Bc5 5. d3 Nf6 6. O-O h6 7. h3 O-O 8. Re1
d6 9. Be3 Bxe3 10. Rxe3 Nd4 11. Bb3 Nxb3 12. axb3 Re8 13. Re1 c6 14. Ne2 d5 15.
exd5 cxd5 16. c4 dxc4 17. bxc4 Qb6 18. b3 Bf5 19. Rb1 e4 20. dxe4 Nxe4 21. Rf1
Rad8 22. Qc1 Nc5 23. Ra1 Nxb3 24. Qc3 Nxa1 25. Rxa1 Rxe2 26. Rf1 Bd3 27. Ne5
Rc2 28. Qa1 Bxf1 29. Kxf1 Qxf2# 0-1

[Event "Sommerschach 2022 Hobbyspieler"]
[Site "Dortmund"]
[Date "2022.07.12"]
[Round "6.10"]
[White "Wang, Yihua"]
[Black "Böckmann, Lieselotte"]
[Result "0-1"]
[WhiteElo "1200"]
[BlackElo "954"]
[PlyCount "77"]
[EventDate "2022.07.??"]
[EventType "tourn"]
[EventRounds "7"]
[WhiteTeam "SC Hansa Dortmund"]
[BlackTeam "FS Dortmund"]

1. e4 e6 2. c4 c5 3. Nc3 Nc6 4. Nf3 d6 5. d3 Be7 6. Be2 h6 7. O-O Nd4 8. Nb5
Nxe2+ 9. Qxe2 a6 10. Nc3 Nf6 11. e5 Nd7 12. Bf4 g5 13. exd6 gxf4 14. dxe7 Qxe7
15. Ne5 Qg5 16. Ng4 Rg8 17. h3 Nf6 18. Ne4 Nxe4 19. dxe4 Bd7 20. e5 O-O-O 21.
f3 Rh8 22. Qf2 Qe7 23. Nf6 Bc6 24. a3 Kb8 25. b4 b6 26. a4 Qc7 27. b5 Bb7 28.
Rfd1 Ka7 29. Re1 a5 30. Ra2 Rd4 31. Rc2 Rhd8 32. Ne4 Rd1 33. Nd6 Rxe1+ 34. Qxe1
Rg8 35. Rf2 Ka8 36. Qd2 Qd8 37. Qxf4 Qg5 38. Qg4 Qc1+ 39. Kh2 0-1

[Event "Sommerschach 2022 Hobbyspieler"]
[Site "Dortmund"]
[Date "2022.07.12"]
[Round "6.11"]
[White "Lin, Amy"]
[Black "Martins, Arne"]
[Result "0-1"]
[WhiteElo "1200"]
[BlackElo "793"]
[PlyCount "74"]
[EventDate "2022.07.??"]
[EventType "tourn"]
[EventRounds "7"]
[WhiteTeam "Ewaldi Aplerbeck"]
[BlackTeam "SV Erkenschwick"]

1. e4 e5 2. Nc3 Nf6 3. Bc4 Nxe4 4. Nxe4 d5 5. Bb5+ c6 6. Bd3 dxe4 7. Bxe4 f5 8.
Qh5+ g6 9. Qf3 fxe4 10. Qxe4 Qd5 11. Qe2 Nd7 12. c4 Qxg2 13. Nf3 Qxh1+ 14. Qf1
Qxf1+ 15. Kxf1 e4 16. Nd4 Nc5 17. h4 Nd3 18. Nb3 Nxc1 19. Nxc1 Bh3+ 20. Ke1
O-O-O 21. Nb3 b5 22. c5 Be6 23. Na5 Bxc5 24. Nxc6 Rd6 25. Ne7+ Kd7 26. Rc1 Bd4
27. Rc6 Rxc6 28. Nxc6 Kxc6 29. f4 exf3 30. b4 f2+ 31. Ke2 Bh3 32. Kd3 f1=Q+ 33.
Kxd4 Qc4+ 34. Ke3 Re8+ 35. Kf3 Qe2+ 36. Kg3 Qg4+ 37. Kh2 Qg2# 0-1

[Event "Sommerschach 2022 Vereinsspieler"]
[Site "Dortmund"]
[Date "2022.07.13"]
[Round "7.2"]
[White "Huckebrink, Chris"]
[Black "Kruse, Victor"]
[Result "1/2-1/2"]
[WhiteElo "2042"]
[BlackElo "1733"]
[PlyCount "110"]
[EventDate "2022.07.??"]
[EventType "tourn"]
[EventRounds "7"]
[WhiteTeam "SV Ahlen"]
[BlackTeam "SK Köln-Südwest"]

1. b3 d5 2. Bb2 c5 3. e3 e6 4. Nf3 Nf6 5. d4 a6 6. Bd3 Be7 7. dxc5 Bxc5 8. Nbd2
O-O 9. O-O Nc6 10. a3 Re8 11. Qe2 e5 12. e4 Bg4 13. h3 Bh5 14. Rae1 a5 15. g4
Bg6 16. exd5 Bxd3 17. Qxd3 Qxd5 18. Qxd5 Nxd5 19. Nxe5 Nxe5 20. Rxe5 Rxe5 21.
Bxe5 Re8 22. Nf3 f6 23. Rd1 Ne3 24. fxe3 Bxe3+ 25. Kg2 fxe5 26. Rd5 e4 27. Nd4
b6 28. Nb5 Rf8 29. Rf5 Rxf5 30. gxf5 Bc5 31. Nc3 Bxa3 32. Nxe4 Kf7 33. Kf3 g6
34. Kf4 Bc1+ 35. Ke5 Bb2+ 36. c3 gxf5 37. Kxf5 Ke7 38. c4 Bd4 39. Ng5 h6 40.
Nf3 Be3 41. Ke4 Bc1 42. Ke5 Be3 43. Nh4 Kf7 44. Kf5 Bc1 45. Ng6 Bb2 46. h4 Bc3
47. h5 Bb2 48. Ne5+ Bxe5 49. Kxe5 Ke7 50. Kd5 Kd7 51. Ke5 Ke7 52. Kf5 Kf7 53.
Ke5 Ke7 54. Kd5 Kd7 55. Ke5 Ke7 1/2-1/2

[Event "Sommerschach 2022 Vereinsspieler"]
[Site "Dortmund"]
[Date "2022.07.13"]
[Round "7.3"]
[White "Arakelian, Aik"]
[Black "Bilenko, Yaroslav"]
[Result "1/2-1/2"]
[WhiteElo "2015"]
[BlackElo "1568"]
[PlyCount "89"]
[EventDate "2022.07.??"]
[EventType "tourn"]
[EventRounds "7"]
[WhiteTeam "SG Ennepe-Ruhr-Süd"]
[BlackTeam "SF Gerresheim"]

1. e4 c5 2. Nf3 d6 3. d4 cxd4 4. Nxd4 Nf6 5. Nc3 Nc6 6. Be2 g6 7. Be3 Bg7 8. f3
O-O 9. Qd2 d5 10. exd5 Nxd5 11. Nxc6 bxc6 12. Bd4 e5 13. Bc5 Be6 14. Nxd5 cxd5
15. c3 Re8 16. O-O Qc7 17. Bf2 Rad8 18. f4 d4 19. fxe5 dxc3 20. Qxc3 Qxc3 21.
bxc3 Bxe5 22. Bxa7 Bxc3 23. Rac1 Bd2 24. Rc7 Bxa2 25. Bc4 Bxc4 26. Rxc4 Rd7 27.
Bf2 Re2 28. Rc2 Rd6 29. Rb1 Rf6 30. Rc8+ Kg7 31. Bd4 Be3+ 32. Bxe3 Rxe3 33. Rf1
Rxf1+ 34. Kxf1 Ra3 35. Rc7 Ra2 36. h3 h5 37. Kg1 h4 38. Rb7 g5 39. Rc7 Ra6 40.
Rb7 Kg6 41. Rb5 f5 42. Rb8 g4 43. hxg4 fxg4 44. Kh2 Ra4 45. Rh8 1/2-1/2

[Event "Sommerschach 2022 Vereinsspieler"]
[Site "Dortmund"]
[Date "2022.07.13"]
[Round "7.4"]
[White "Mann, Gergely"]
[Black "Zelt, Jens"]
[Result "1/2-1/2"]
[WhiteElo "1653"]
[BlackElo "2073"]
[PlyCount "117"]
[EventDate "2022.07.??"]
[EventType "tourn"]
[EventRounds "7"]
[WhiteTeam "SF Essen-Werden"]
[BlackTeam "SC Hansa Dortmund"]

1. e4 c5 2. Nf3 d6 3. d4 cxd4 4. Nxd4 Nf6 5. Nc3 a6 6. Be3 e6 7. g4 Nc6 8. g5
Nd7 9. h4 Qc7 10. f4 b5 11. Qd2 Bb7 12. Bg2 Nxd4 13. Bxd4 b4 14. Ne2 a5 15.
O-O-O e5 16. Be3 Be7 17. Ng3 g6 18. h5 exf4 19. Bd4 Ne5 20. Qxf4 Rf8 21. Kb1
Bc6 22. Nf1 f5 23. gxf6 Bxf6 24. hxg6 hxg6 25. Ne3 O-O-O 26. Nd5 Bxd5 27. exd5
Kb8 28. Rh3 Bh8 29. Qg3 Nc4 30. Rxh8 Rxh8 31. Bxh8 Rxh8 32. Qxg6 Rf8 33. Be4
Qc5 34. Qh6 Rf2 35. Qh8+ Kb7 36. Qg7+ Kb6 37. Bh1 Na3+ 38. Ka1 Nxc2+ 39. Kb1
Na3+ 40. Ka1 Qc2 41. Qd4+ Ka6 42. Be4 Rg2 43. Bxc2 Nxc2+ 44. Kb1 Nxd4 45. Rxd4
Kb5 46. Rf4 Rg5 47. Kc2 Rxd5 48. b3 Rh5 49. Kd3 Rh2 50. Rf5+ Kb6 51. Rd5 Rxa2
52. Rxd6+ Kc5 53. Ra6 Kb5 54. Rg6 Ra1 55. Rg5+ Kb6 56. Rg6+ Kb5 57. Rg5+ Kb6
58. Rg6+ Kb5 59. Rg5+ 1/2-1/2

[Event "Sommerschach 2022 Vereinsspieler"]
[Site "Dortmund"]
[Date "2022.07.13"]
[Round "7.5"]
[White "Peters, Michael"]
[Black "Kasapchuk, Oleksandr"]
[Result "1-0"]
[WhiteElo "1987"]
[BlackElo "1581"]
[PlyCount "69"]
[EventDate "2022.07.??"]
[EventType "tourn"]
[EventRounds "7"]
[WhiteTeam "Bochumer SV"]
[BlackTeam "SF Brackel"]

1. d4 d5 2. c4 c6 3. Nc3 Nf6 4. e3 e6 5. Nf3 Nbd7 6. b3 Bb4 7. Bd2 O-O 8. Bd3
Re8 9. O-O e5 10. dxe5 Nxe5 11. Nxe5 Rxe5 12. Nxd5 cxd5 13. Bxb4 Rh5 14. Be2
Rh6 15. Bf3 Qc7 16. g3 Bh3 17. Re1 dxc4 18. Qd6 Qc8 19. Rac1 Be6 20. bxc4 Nd7
21. Qd4 Nb6 22. c5 Nd7 23. c6 bxc6 24. Rxc6 Nb6 25. Rxc8+ Rxc8 26. Bb7 Re8 27.
Bc3 Rg6 28. a4 Rg4 29. f4 h6 30. e4 Rb8 31. Bc6 Rc8 32. Bb5 Kh7 33. Be2 Rc4 34.
Bxc4 Bxc4 35. a5 1-0